แสดงรายละเอียดบรรณานุกรม
  กลับหน้าหลัก

Brief Record : Get Marc (ISO 2709) : E-mail record : QR code ปิดหน้าต่าง
หนังสืออ้างอิง : เกี่ยวกับ Collections
LEADER 00000nam 2200000uu 4500
008    120723s2554||||th 000 0 tha d
040    ^abcnkk
041 0  ^atha^beng
050  0 ^aอ JQ1745 ก351ร 2554
245 00 ^aรายงานประจำปี 2554 : 15 ปี กบข./^bกองทุนบำเหน็จบำนาญข้าราชการ.
260    ^aกรุงเทพฯ : ^bกองทุนฯ,^c2554.
300    ^aจำนวน 133 หน้า;^bภาพประกอบ.
650  0 ^aกองทุนบำเหน็จบำนาญข้าราชการ ^xรายงานประจำปี.
650  0 ^aบำเหน็จบำนาญ ^xสถิติ.
650  0 ^aข้าราชการ ^xบำเหน็จบำนาญ ^xสถิติ.
650  0 ^aบำเหน็จบำนาญ ^xรายงานประจำปี.
710 1  ^aกองทุนบำเหน็จบำนาญข้าราชการ.
999    ^aใช้งานได้ทุกระบบ
รายการนี้ยังไม่มีแท็ก
คุณยังไม่ได้ล็อกอิน คุณสามารถมีกิจกรรมร่วมกับเว็บไซต์ได้ แต่ต้องล็อกอินก่อน ::
  ล็อกอิน
ลำดับที่ ประเภท เลขเรียก สถานที่ สถานะ
1. หนังสืออ้างอิง
หนังสืออ้างอิง
อ JQ1745 ก351ร 2554  
  
ชั้นหนังสืออ้างอิง On Shelf
2. หนังสืออ้างอิง
หนังสืออ้างอิง
อ JQ1745 ก351ร 2554 ฉ.2 
  
ชั้นหนังสืออ้างอิง On Shelf
   [แสดง 2/2 รายการ]

BibComment


ยังไม่เคยถูกคอมเมนท์

คอมเมนท์ทรัพยากรรายการนี้
  คอมเมนท์: รายงานประจำปี 25..
Bib 207950

 
 
 

 Union Library Management : ULibM
Copyright 2026. All Rights Reserved.
скачать бесплатно без регистрации порно красивый секс HD Sex Hindi sex

xxx gou

xxxx

bfxxx

xxxwww

Секса Видео

xxxx

Секса Видео

detube

geilexxx

C99 Shell

worms shell

blod xxx video
Ebony Coed Rihanna Rimes Takes A Dick In Her Young Twat priyaa indian fuck anal and pusssy hardcore indian women xxx desi hardcore fucking part 1 bengalixxxcouple